000 02134cam a2200577 4500
003 PE-LiUPU
005 20250731180145.0
020 _a0534617670
035 _a(Sirsi) i9780534617677
035 _a(Sirsi) 45568
035 _a(Sirsi) 45568
041 _aes
044 _amx
082 0 4 _a519.5
_bP16
100 1 _aPagano, Robert R.
245 _aEstadística para las ciencias del comportamiento /
_cRobert R. Pagano ; tr. Oscar A. Palmas Velasco, Ángel Carlos González Ruiz.
250 _a7a ed.
264 1 _aMéxico :
_bInternational Thompson Editores,
_c2006
300 _a564 páginas :
_bilustraciones ;
_c26 cm.
504 _aIncluye referencias bibliográficas
505 0 _aPanorama -- La estadística y el método científico -- Estadística descriptiva -- Conceptos básicos de matemáticas y de medición -- Distribuciones de frecuencias -- Medidas de tendencia central y variabilidad -- La curva normal y los puntaj
526 _aSEG44
526 _aSEG26
526 _aP159
526 _aP155
526 _aP154
526 _aP153
526 _aP150
526 _aP100
526 _aP31
526 _aP30
526 _aP26
526 _aP25
526 _aP24
526 _aP22
526 _aP15
526 _aP10
650 1 4 _aPsicología
_xMétodos estadísticos
_vLibro de texto
650 1 4 _aPsicometría
_vLibro de texto
650 1 4 _aPsicometría
_vProblemas ejercicios, etc.
700 1 _aPalmas Velasco, Oscar Alfredo
_etr.
700 1 _aGonzáles Ruiz, Ángel Carlos
_etr.
942 _2ddc
_cBOOK
949 _a519.5 P16
_i63125
_lCCODEBUL1
_mBUL
_tLIBRO
_o.STAFF. Colección General
859 _q63125
_h519.5
_iP16
910 _agl
_bjck
_c
_d20110621
596 _a1
999 _aPGE 519.5 P16
_wDEWEY
_c52138
_i63125
_d52138
_e2018-1-22
_f2021-11-5
_g5
_lCCODEBUL1
_mBUL
_n1
_p52.00
_r0
_sN
_tBOOK
_u2015-7-6
_xBIBLIOTECA
_PP57
_0COMPRA
_o.CIRCNOTE. No olvidar cambiar la fecha de devolución!!!!!!!
_o.STAFF. Colección General
980 _81
_gALBERTO SANCHEZ Responsable de Automatización